Quiz o Buku - Statystyki

Ogólne statystyki
  • Ten quiz został rozwiązany 4 razy
  • Średni wynik to 10 z 12
Statystyki odpowiedzi
Wskazówka Odpowiedź % Poprawnych
Kod pocztowy 64-320
100%
Na pograniczu z jaką wsią leży stacja kolejowa Buk? Dobieżyn
100%
Jezioro niedaleko miasta Jezioro {Niepruszewskie}
100%
Przedmiot na herbie Klucz
100%
Burmistrz miasta Paweł Adam
100%
Tablice rejestracyjne POZ | PZ | PY
100%
Nazwa kina w Buku Wielkopolanin
100%
Budynek w Buku w którym wybuchł pożar co najmniej 2 razy Biedronka
67%
Niemiecka nazwa Buku Buchenstadt
67%
Rzeczka w mieście Trupina
67%
Rok nadania praw miejskich 1289
33%
Rok z którego pochodzi ratusz 1897
33%
Nie znaleziono quizów pasujących do podanych kryteriów
Rozkład punktacji
Procent ludzi z każdym wynikiem
Percentyl według liczby udzielonych odpowiedzi
Twoja historia wyników
Nie rozwiązałeś tego quizu